000 00375nam a2200145Ia 4500
008 230711s9999||||xx |||||||||||||| ||und||
041 _aENG
082 _a621.381
_bAL-E
100 _aAlbert Paul Malvino
245 0 _aElectornics principles
250 _a1st
260 _c1989
_aNew York
_bTata McGraw Hill Education Limited
650 _aElectronics Engineering
942 _cBK
999 _c874
_d874